| 000 | 01199cam a2200337 a 4500 | ||
|---|---|---|---|
| 942 | _cBK | ||
| 999 |
_c417 _d417 |
||
| 001 | 15076303 | ||
| 003 | OSt | ||
| 005 | 20250420134810.0 | ||
| 008 | 071108s2008 njua b 001 0 eng | ||
| 010 | _a 2007046492 | ||
| 020 | _a9780131471221 (alk. paper) | ||
| 020 | _a0131471228 (alk. paper) | ||
| 035 | _a(OCoLC)ocn181079252 | ||
| 035 |
_a(OCoLC)181079252 _z(OCoLC)150332150 |
||
| 040 |
_aDLC _cKCST |
||
| 050 | 0 | 0 |
_aTK153 _b.L425 2008 |
| 082 | 0 | 0 |
_a519.2024 _222 |
| 100 | 1 |
_aLeon-Garcia, Alberto. _91426 |
|
| 245 | 1 | 0 |
_aProbability, statistics, and random processes for electrical engineering / _cAlberto Leon-Garcia. |
| 250 | _a3rd ed. | ||
| 260 |
_aUpper Saddle River, NJ : _bPearson/Prentice Hall, _c2008. |
||
| 300 |
_axiv, 818 p. : _bill. ; _c25 cm. |
||
| 504 | _aIncludes bibliographical references and index. | ||
| 650 | 0 |
_aElectrical engineering _xMathematics. _91427 |
|
| 650 | 0 |
_aProbabilities. _91388 |
|
| 650 | 0 |
_aStochastic processes. _91428 |
|
| 700 | 1 |
_aLeon-Garcia, Alberto. _tProbability and random processes for electrical engineering. _91429 |
|
| 856 | 4 | 1 |
_3Table of contents only _uhttp://www.loc.gov/catdir/toc/ecip084/2007046492.html |
| 942 | _2ddc | ||